000 07274cam a22018734i 4500
003 PE-LiUPU
005 20250813165550.0
008 171130c2021 sp a rb 001 0 spa d
020 _a9788491130086
020 _a9788491136071
020 _a849113008X
035 _a(Sirsi) a252855
040 _aPE-LiUPU
_bspa
_cPE-LiUPU
_dPE-LiUPU
_erda
049 _aPRUA
082 0 4 _a610.73072
_bE16
_220
245 0 0 _aInvestigación en metodología y lenguajes enfermeros /
_cdirectora, Paloma Echevarría Pérez; coordinadores Maravillas Giménez Fernández, Dolores Giró Formatger, José Manuel Romero Sánchez.
250 _aSegunda edición.
264 1 _aEspaña :
_bElsevier,
_c2020.
300 _axxiv, 261 páginas :
_bilustraciones ;
_c23 cm.
336 _atext
_2rdacontent
337 _aunmediated
_2rdamedia
338 _avolume
_2rdacarrier
504 _aBibliografía al final de cada capítulo.
504 _aÍndices : páginas 253-261.
505 0 _aI. Situación actual de la metodología y lenguajes enfermeros -- Evolución histórica de las taxonomías y lenguajes enfermeros estandarizados -- Metodología y lenguajes enfermeros estandarizados en la formación universitaria -- Aplicación de los lenguajes enfermeros estandarizados en la práctica clínica. Sistemas de información sanitaria -- II. Investigación en lenguajes enfermeros. Aspectos generales -- La investigación en enfermería. Qué y cómo investigar en cuidados -- Líneas de investigación en lenguajes enfermeros estandarizados -- Aplicación de la metodología cuantitativa a la investigación en lenguajes enfermeros estandarizados -- Aplicación de la metodología cualitativa y mixta a la investigación en lenguajes enfermeros estandarizados -- Instrumentos de medición para la investigación en metodología y lenguajes enfermeros estandarizados -- Financiación de la investigación y transferencia de resultados en metodología enfermera y lenguajes enfermeros estandarizados -- Aspectos éticos en la investigación en metodología y lenguajes enfermeros estandarizados -- III. Investigación sobre desarrollo y depuración de diagnósticos, resultados e intervenciones enfermeras -- Investigación sobre identificación, desarrollo y adaptación de diagnósticos, resultados e intervenciones de enfermería -- Investigación sobre revisión, depuración y evaluación de las propiedades métricas de diagnósticos, resultados e intervenciones -- IV. Investigación sobre el proceso de valoración enfermera -- Investigación sobre el proceso de valoración enfermera -- Investigación sobre el proceso diagnóstico enfermero -- Investigación epidemiológica en diagnósticos enfermeros -- Estudios de implementación de los lenguajes enfermeros -- V. Investigación sobre clasificaciones de resultados e intervenciones enfermeras e interrelaciones -- Utilización de la investigación para la evaluación de los cuidados enfermeros: la Clasificación de Resultados de Enfermería (NOC) en la medición de la eficacia enfermera -- Investigación sobre resultados enfermeros. Precisión y elección del criterio de resultado (NOC) -- Investigación sobre criterios de resultado y sus indicadores. Operacionalización y validación de las escalas de medida -- Investigación sobre intervenciones enfermeras -- Impacto del proceso enfermero y de los modelos de toma de decisiones clínicas en la investigación centrada en los vínculos entre diagnósticos, resultados e intervenciones de enfermería -- VI. Investigación sobre el proceso de enseñanza-aprendizaje y los sistemas de información en lenguajes enfermeros estandarizados -- Investigación sobre el proceso enseñanza-aprendizaje de la metodología y los lenguajes enfermeros estandarizados -- La explotación de sistemas de información y datos masivos (Big Data) para la investigación en lenguajes enfermeros estandarizados -- Investigación sobre gestión y calidad de los cuidados mediante sistemas de información de lenguajes enfermeros estandarizados.
526 _aP203
526 _aP200
526 _aSEG65
526 _aSEG64
526 _aSEG63
526 _aSEG62
526 _aSEG61
526 _aSEG60
526 _aSEG59
526 _aSEG58
526 _aSEG57
526 _aSEG56
526 _aSEG55
526 _aSEG54
526 _aSEG53
526 _aSEG52
526 _aSEG51
526 _aSEG50
526 _aSEG49
526 _aSEG48
526 _aSEG47
526 _aSEG46
526 _aSEG24
526 _aSEG23
526 _aSEG22
526 _aSEG21
526 _aSEG20
526 _aSEG19
526 _aSEG18
526 _aSEG17
526 _aSEG16
526 _aSEG14
526 _aSEG13
526 _aSEG12
526 _aSEG11
526 _aSEG10
526 _aSEG09
526 _aSEG06
526 _aSEG05
526 _aSEG04
526 _aSEG03
526 _aSEG02
526 _aSEG68
526 _aSEG66
526 _aSEG45
526 _aSEG25
526 _aSEG01
526 _aP163
526 _aP162
526 _aP161
526 _aP160
526 _aP159
526 _aP158
526 _aP157
526 _aP156
526 _aP155
526 _aP154
526 _aP153
526 _aP152
526 _aP151
526 _aP150
526 _aP149
526 _aP142
526 _aP141
526 _aP140
526 _aP139
526 _aP138
526 _aP137
526 _aP132
526 _aP131
526 _aP130
526 _aP126
526 _aP125
526 _aP124
526 _aP123
526 _aP115
526 _aP122
526 _aP121
526 _aP116
526 _a P114
526 _aP112
526 _aP111
526 _aP104
526 _aP103
526 _aP102
526 _aP101
526 _aP100
526 _aP96
526 _aP95
526 _aP93
526 _aP92
526 _aP91
526 _aP88
526 _aP83
526 _aP82
526 _aP79
526 _aP78
526 _aP75
526 _aP74
526 _aP71
526 _aP69
526 _a P51
526 _aP49
526 _aP48
526 _aP47
526 _aP33
526 _aP31
526 _a P30
526 _aP29
526 _aP27
526 _aP26
526 _aP25
526 _aP24
526 _a P22
526 _aP10
526 _aP09
526 _a P08
526 _aP06
526 _aP05
526 _aP04
526 _aP01
526 8 _5PE-LiUPU
650 0 7 _aEnfermería práctica
_xClasificación.
_2embne.
650 0 7 _aEnfermería
_xDiagnóstico
_2embne.
650 0 7 _aEnfermería
_xLenguaje
_2embne.
700 1 _aEchevarría Pérez, Paloma,
_edirector.
700 1 _aGiménez Fernández, Maravillas,
_ecoordinador.
700 1 _aGiró Formatger, Dolores,
_ecoordinador.
700 1 _aRomero Sánchez, José Manuel,
_ecoordinador.
910 _amtc
942 _2ddc
_cBK
949 _a610.73072 E16 2020
_wDewey
_c2
_i70862
_lFCS
_mBUL
_p35.00
_r0
_sY
_tBOOK
_u2021-01-16
_xSALUD
_zMa. Enfermería-Administración y gestión
_0COMPRA
_o.STAFF.
980 _81
_gALBERTO SANCHEZ Responsable de Automatización
999 _c32054
_d32054